[Event "DEM U18 2023"]
[Site "Willingen GER"]
[Date "2023.05.29"]
[Round "3"]
[White "Spriestersbach, Kai"]
[Black "Evering, Sören"]
[Result "1-0"]
[Termination "normal"]
[Board "8"]
[WhiteElo "2230"]
[BlackElo "2061"]
[WhiteClock "00:28:27"]
[BlackClock "00:04:50"]
[PlyCount "113"]
[WhiteFideId "16269985"]
[BlackFideId "12974650"]
[EventCountry "GER"]
[EventRounds "9"]
[EventType "swiss"]
[EventDate "2023.05.27"]

1. e4 {[%clk 01:30:57]} {[%emt 00:00:03]} e5 {[%clk 01:30:54]} {[%emt
00:00:10]} 2. Nf3 {[%clk 01:31:22]} {[%emt 00:00:07]} Nc6 {[%clk 01:31:14]}
{[%emt 00:00:18]} 3. Bb5 {[%clk 01:31:46]} {[%emt 00:00:12]} a6 {[%clk
01:31:36]} {[%emt 00:00:13]} 4. Ba4 {[%clk 01:32:12]} {[%emt 00:00:01]} Nf6
{[%clk 01:31:59]} {[%emt 00:00:09]} 5. O-O {[%clk 01:32:34]} {[%emt 00:00:09]}
Be7 {[%clk 01:32:19]} {[%emt 00:00:05]} 6. Re1 {[%clk 01:32:58]} {[%emt
00:00:05]} b5 {[%clk 01:32:27]} {[%emt 00:00:17]} 7. Bb3 {[%clk 01:33:23]}
{[%emt 00:00:03]} O-O {[%clk 01:32:35]} {[%emt 00:00:10]} 8. h3 {[%clk
01:33:46]} {[%emt 00:00:07]} Bb7 {[%clk 01:31:31]} {[%emt 00:01:33]} 9. d3
{[%clk 01:34:05]} {[%emt 00:00:11]} d5 {[%clk 01:31:34]} {[%emt 00:00:28]} 10.
exd5 {[%clk 01:34:20]} {[%emt 00:00:14]} Nxd5 {[%clk 01:31:57]} {[%emt
00:00:08]} 11. a4 {[%clk 01:34:08]} {[%emt 00:00:42]} Nd4 {[%clk 01:16:57]}
{[%emt 00:15:30]} 12. Nbd2 {[%clk 01:33:59]} {[%emt 00:00:38]} Nxb3 {[%clk
01:05:46]} {[%emt 00:11:43]} 13. Nxb3 {[%clk 01:33:23]} {[%emt 00:01:08]} f6
{[%clk 00:55:49]} {[%emt 00:10:25]} 14. Na5 {[%clk 01:32:54]} {[%emt 00:00:57]}
Qc8 {[%clk 00:43:42]} {[%emt 00:12:37]} 15. Nxb7 {[%clk 01:32:47]} {[%emt
00:00:38]} Qxb7 {[%clk 00:43:32]} {[%emt 00:00:40]} 16. Nh4 {[%clk 01:32:07]}
{[%emt 00:01:10]} f5 {[%clk 00:36:33]} {[%emt 00:07:30]} 17. Nf3 {[%clk
01:08:38]} {[%emt 00:23:58]} e4 {[%clk 00:34:31]} {[%emt 00:02:32]} 18. Nd4
{[%clk 01:07:12]} {[%emt 00:01:56]} Bc5 {[%clk 00:26:53]} {[%emt 00:08:08]} 19.
dxe4 {[%clk 00:56:09]} {[%emt 00:11:34]} fxe4 {[%clk 00:26:57]} {[%emt
00:00:26]} 20. axb5 {[%clk 00:55:47]} {[%emt 00:00:52]} axb5 {[%clk 00:25:38]}
{[%emt 00:01:49]} 21. Rxa8 {[%clk 00:56:12]} {[%emt 00:00:05]} Qxa8 {[%clk
00:25:14]} {[%emt 00:00:54]} 22. Re2 {[%clk 00:54:36]} {[%emt 00:02:06]} Qe8
{[%clk 00:19:49]} {[%emt 00:05:54]} 23. Nb3 {[%clk 00:49:25]} {[%emt 00:05:41]}
Qc6 {[%clk 00:19:14]} {[%emt 00:01:05]} 24. Nxc5 {[%clk 00:48:37]} {[%emt
00:01:19]} Qxc5 {[%clk 00:19:39]} {[%emt 00:00:04]} 25. Be3 {[%clk 00:48:54]}
{[%emt 00:00:14]} Nxe3 {[%clk 00:12:19]} {[%emt 00:07:50]} 26. Rxe3 {[%clk
00:49:14]} {[%emt 00:00:10]} Qe5 {[%clk 00:03:16]} {[%emt 00:09:32]} 27. c3
{[%clk 00:43:15]} {[%emt 00:06:30]} Ra8 {[%clk 00:02:10]} {[%emt 00:01:36]} 28.
Qe1 {[%clk 00:41:55]} {[%emt 00:01:50]} Re8 {[%clk 00:00:57]} {[%emt 00:01:43]}
29. f3 {[%clk 00:41:18]} {[%emt 00:01:08]} Qc5 {[%clk 00:00:54]} {[%emt
00:00:33]} 30. Kh1 {[%clk 00:41:37]} {[%emt 00:00:10]} Qc6 {[%clk 00:00:36]}
{[%emt 00:00:48]} 31. fxe4 {[%clk 00:34:52]} {[%emt 00:07:16]} Rf8 {[%clk
00:00:59]} {[%emt 00:00:07]} 32. Qe2 {[%clk 00:33:12]} {[%emt 00:02:10]} Qa6
{[%clk 00:00:41]} {[%emt 00:00:48]} 33. Kh2 {[%clk 00:31:40]} {[%emt 00:02:02]}
Qf6 {[%clk 00:00:40]} {[%emt 00:00:30]} 34. e5 {[%clk 00:27:45]} {[%emt
00:04:26]} Qf4+ {[%clk 00:01:05]} {[%emt 00:00:04]} 35. Kg1 {[%clk 00:25:36]}
{[%emt 00:02:39]} Ra8 {[%clk 00:01:30]} {[%emt 00:00:08]} 36. g3 {[%clk
00:25:34]} {[%emt 00:00:29]} Ra1+ {[%clk 00:00:37]} {[%emt 00:01:24]} 37. Kg2
{[%clk 00:25:54]} {[%emt 00:00:10]} Qc4 {[%clk 00:00:46]} {[%emt 00:00:21]} 38.
Qxc4+ {[%clk 00:17:36]} {[%emt 00:08:48]} bxc4 {[%clk 00:01:11]} {[%emt
00:00:05]} 39. Re4 {[%clk 00:15:35]} {[%emt 00:02:30]} Rb1 {[%clk 00:01:26]}
{[%emt 00:00:15]} 40. Rxc4 {[%clk 00:15:59]} {[%emt 00:00:06]} Rxb2+ {[%clk
00:01:52]} {[%emt 00:00:04]} 41. Kf3 {[%clk 00:16:22]} {[%emt 00:00:06]} Rb7
{[%clk 00:30:18]} {[%emt 00:02:05]} 42. Ke4 {[%clk 00:39:01]} {[%emt 00:07:52]}
Kf7 {[%clk 00:28:37]} {[%emt 00:02:10]} 43. Kd5 {[%clk 00:36:20]} {[%emt
00:03:11]} Ke7 {[%clk 00:28:27]} {[%emt 00:00:40]} 44. h4 {[%clk 00:28:16]}
{[%emt 00:08:33]} Kd7 {[%clk 00:22:49]} {[%emt 00:06:09]} 45. e6+ {[%clk
00:27:19]} {[%emt 00:01:29]} Ke7 {[%clk 00:20:32]} {[%emt 00:02:49]} 46. Rc5
{[%clk 00:27:37]} {[%emt 00:00:11]} Kd8 {[%clk 00:20:23]} {[%emt 00:00:37]} 47.
Ke5 {[%clk 00:26:54]} {[%emt 00:01:12]} Ke7 {[%clk 00:10:30]} {[%emt 00:10:25]}
48. c4 {[%clk 00:26:26]} {[%emt 00:00:56]} Ra7 {[%clk 00:10:01]} {[%emt
00:01:01]} 49. h5 {[%clk 00:25:27]} {[%emt 00:01:28]} g6 {[%clk 00:07:36]}
{[%emt 00:02:58]} 50. h6 {[%clk 00:25:46]} {[%emt 00:00:08]} Rb7 {[%clk
00:07:01]} {[%emt 00:01:10]} 51. Rd5 {[%clk 00:26:06]} {[%emt 00:00:07]} c6
{[%clk 00:07:06]} {[%emt 00:00:24]} 52. Rd6 {[%clk 00:26:32]} {[%emt 00:00:07]}
Rc7 {[%clk 00:06:23]} {[%emt 00:01:09]} 53. c5 {[%clk 00:26:57]} {[%emt
00:00:05]} g5 {[%clk 00:04:45]} {[%emt 00:02:10]} 54. g4 {[%clk 00:27:21]}
{[%emt 00:00:02]} Kf8 {[%clk 00:04:12]} {[%emt 00:01:04]} 55. Rd8+ {[%clk
00:27:40]} {[%emt 00:00:11]} Ke7 {[%clk 00:04:38]} {[%emt 00:00:04]} 56. Rh8
{[%clk 00:28:05]} {[%emt 00:00:05]} Rc8 {[%clk 00:04:50]} {[%emt 00:00:24]} 57.
Rxh7+ {[%clk 00:28:27]} {[%emt 00:00:05]} 1-0

[Event "DEM U18 2023"]
[Site "Willingen GER"]
[Date "2023.05.29"]
[Round "3"]
[White "Eull, Emil"]
[Black "Lutz, Ruben"]
[Result "1/2-1/2"]
[Termination "normal"]
[Board "9"]
[WhiteElo "1937"]
[BlackElo "2211"]
[WhiteClock "00:10:08"]
[BlackClock "00:01:24"]
[PlyCount "113"]
[WhiteFideId "16253809"]
[BlackFideId "12975974"]
[EventCountry "GER"]
[EventRounds "9"]
[EventType "swiss"]
[EventDate "2023.05.27"]

1. c4 {[%clk 01:30:57]} {[%emt 00:00:04]} e6 {[%clk 01:30:54]} {[%emt
00:00:07]} 2. Nc3 {[%clk 01:31:16]} {[%emt 00:00:17]} d5 {[%clk 01:31:19]}
{[%emt 00:00:13]} 3. d4 {[%clk 01:30:51]} {[%emt 00:00:55]} Nf6 {[%clk
01:31:41]} {[%emt 00:00:05]} 4. cxd5 {[%clk 01:31:10]} {[%emt 00:00:09]} exd5
{[%clk 01:32:03]} {[%emt 00:00:04]} 5. Bg5 {[%clk 01:31:31]} {[%emt 00:00:03]}
Bb4 {[%clk 01:28:33]} {[%emt 00:03:57]} 6. e3 {[%clk 01:30:32]} {[%emt
00:01:29]} h6 {[%clk 01:28:57]} {[%emt 00:00:06]} 7. Bxf6 {[%clk 01:30:56]}
{[%emt 00:00:06]} Qxf6 {[%clk 01:29:21]} {[%emt 00:00:06]} 8. Qb3 {[%clk
01:31:19]} {[%emt 00:00:07]} Qd6 {[%clk 01:28:48]} {[%emt 00:01:07]} 9. a3
{[%clk 01:31:36]} {[%emt 00:00:09]} Bxc3+ {[%clk 01:28:37]} {[%emt 00:00:43]}
10. Qxc3 {[%clk 01:31:57]} {[%emt 00:00:07]} O-O {[%clk 01:27:50]} {[%emt
00:01:16]} 11. Bd3 {[%clk 01:32:18]} {[%emt 00:00:10]} c6 {[%clk 01:25:23]}
{[%emt 00:02:57]} 12. Ne2 {[%clk 01:31:33]} {[%emt 00:01:15]} Nd7 {[%clk
01:24:09]} {[%emt 00:01:44]} 13. O-O {[%clk 01:31:53]} {[%emt 00:00:11]} Nb6
{[%clk 01:12:08]} {[%emt 00:12:30]} 14. b4 {[%clk 01:25:48]} {[%emt 00:06:36]}
Na4 {[%clk 01:07:41]} {[%emt 00:04:57]} 15. Qc2 {[%clk 01:17:47]} {[%emt
00:08:31]} b5 {[%clk 01:07:47]} {[%emt 00:00:25]} 16. e4 {[%clk 01:14:20]}
{[%emt 00:03:59]} dxe4 {[%clk 01:06:06]} {[%emt 00:02:11]} 17. Bxe4 {[%clk
01:12:17]} {[%emt 00:02:31]} Bd7 {[%clk 01:06:08]} {[%emt 00:00:28]} 18. Rfd1
{[%clk 01:00:31]} {[%emt 00:12:15]} Rac8 {[%clk 00:58:43]} {[%emt 00:07:55]}
19. Nc1 {[%clk 00:48:11]} {[%emt 00:12:50]} Be6 {[%clk 00:52:30]} {[%emt
00:06:43]} 20. Nb3 {[%clk 00:30:30]} {[%emt 00:18:12]} Bd5 {[%clk 00:45:12]}
{[%emt 00:07:48]} 21. Nc5 {[%clk 00:26:49]} {[%emt 00:04:11]} Bxe4 {[%clk
00:36:51]} {[%emt 00:08:50]} 22. Nxe4 {[%clk 00:27:11]} {[%emt 00:00:08]} Qg6
{[%clk 00:37:10]} {[%emt 00:00:12]} 23. Rac1 {[%clk 00:26:17]} {[%emt
00:01:24]} Rfe8 {[%clk 00:32:46]} {[%emt 00:04:54]} 24. Nc5 {[%clk 00:25:20]}
{[%emt 00:01:27]} Qxc2 {[%clk 00:31:20]} {[%emt 00:01:56]} 25. Rxc2 {[%clk
00:25:43]} {[%emt 00:00:07]} Nb6 {[%clk 00:31:01]} {[%emt 00:00:48]} 26. Kf1
{[%clk 00:24:32]} {[%emt 00:01:41]} Re7 {[%clk 00:27:52]} {[%emt 00:03:39]} 27.
Re1 {[%clk 00:12:49]} {[%emt 00:12:15]} Kf8 {[%clk 00:24:40]} {[%emt 00:03:40]}
28. Re5 {[%clk 00:08:09]} {[%emt 00:05:12]} Nc4 {[%clk 00:15:44]} {[%emt
00:09:24]} 29. Rxe7 {[%clk 00:07:48]} {[%emt 00:00:52]} Kxe7 {[%clk 00:16:10]}
{[%emt 00:00:04]} 30. a4 {[%clk 00:07:33]} {[%emt 00:00:45]} Kd6 {[%clk
00:15:07]} {[%emt 00:01:32]} 31. axb5 {[%clk 00:06:32]} {[%emt 00:01:31]} cxb5
{[%clk 00:15:31]} {[%emt 00:00:05]} 32. Ra2 {[%clk 00:06:50]} {[%emt 00:00:12]}
Re8 {[%clk 00:11:10]} {[%emt 00:04:52]} 33. g3 {[%clk 00:06:03]} {[%emt
00:01:17]} Re7 {[%clk 00:10:30]} {[%emt 00:01:10]} 34. Re2 {[%clk 00:04:27]}
{[%emt 00:02:06]} Rxe2 {[%clk 00:10:34]} {[%emt 00:00:25]} 35. Kxe2 {[%clk
00:04:53]} {[%emt 00:00:05]} Kd5 {[%clk 00:10:34]} {[%emt 00:00:30]} 36. Kd3
{[%clk 00:04:40]} {[%emt 00:00:42]} a5 {[%clk 00:06:13]} {[%emt 00:04:51]} 37.
bxa5 {[%clk 00:03:51]} {[%emt 00:01:20]} Nxa5 {[%clk 00:06:38]} {[%emt
00:00:04]} 38. Na6 {[%clk 00:03:40]} {[%emt 00:00:41]} Kd6 {[%clk 00:03:02]}
{[%emt 00:04:06]} 39. f3 {[%clk 00:02:05]} {[%emt 00:02:05]} Nc6 {[%clk
00:02:30]} {[%emt 00:01:02]} 40. Kc3 {[%clk 00:01:06]} {[%emt 00:01:29]} h5
{[%clk 00:01:51]} {[%emt 00:01:09]} 41. Kd3 {[%clk 00:22:23]} {[%emt 00:09:13]}
g6 {[%clk 00:28:47]} {[%emt 00:03:41]} 42. Kc3 {[%clk 00:20:19]} {[%emt
00:02:26]} Ne7 {[%clk 00:25:31]} {[%emt 00:03:55]} 43. Nc5 {[%clk 00:15:10]}
{[%emt 00:05:34]} Nd5+ {[%clk 00:20:08]} {[%emt 00:05:50]} 44. Kd3 {[%clk
00:15:16]} {[%emt 00:00:28]} Nb4+ {[%clk 00:15:28]} {[%emt 00:05:06]} 45. Kc3
{[%clk 00:13:54]} {[%emt 00:01:56]} Nc6 {[%clk 00:15:35]} {[%emt 00:00:20]} 46.
Ne4+ {[%clk 00:13:41]} {[%emt 00:00:47]} Ke6 {[%clk 00:14:07]} {[%emt
00:01:57]} 47. Ng5+ {[%clk 00:13:13]} {[%emt 00:00:58]} Kd5 {[%clk 00:06:12]}
{[%emt 00:08:27]} 48. Nxf7 {[%clk 00:12:56]} {[%emt 00:00:40]} Nxd4 {[%clk
00:06:37]} {[%emt 00:00:09]} 49. f4 {[%clk 00:13:01]} {[%emt 00:00:22]} Nf3
{[%clk 00:03:52]} {[%emt 00:03:16]} 50. Nh8 {[%clk 00:11:51]} {[%emt 00:01:39]}
Nxh2 {[%clk 00:04:08]} {[%emt 00:00:15]} 51. Nxg6 {[%clk 00:12:15]} {[%emt
00:00:22]} Nf1 {[%clk 00:04:11]} {[%emt 00:00:09]} 52. f5 {[%clk 00:12:30]}
{[%emt 00:00:21]} Nxg3 {[%clk 00:03:59]} {[%emt 00:00:40]} 53. Nf4+ {[%clk
00:12:48]} {[%emt 00:00:10]} Kc5 {[%clk 00:02:43]} {[%emt 00:01:48]} 54. Kb3
{[%clk 00:11:53]} {[%emt 00:01:22]} Kd6 {[%clk 00:01:07]} {[%emt 00:02:05]} 55.
f6 {[%clk 00:10:04]} {[%emt 00:02:21]} h4 {[%clk 00:01:01]} {[%emt 00:00:40]}
56. f7 {[%clk 00:09:45]} {[%emt 00:00:47]} Ke7 {[%clk 00:01:24]} {[%emt
00:00:03]} 57. Ng6+ {[%clk 00:10:08]} {[%emt 00:00:09]} 1/2-1/2

[Event "DEM U18 2023"]
[Site "Willingen GER"]
[Date "2023.05.29"]
[Round "3"]
[White "Gallasch, Jonas"]
[Black "Großmann, Piet"]
[Result "1-0"]
[Termination "normal"]
[Board "10"]
[WhiteTitle "FM"]
[WhiteElo "2296"]
[BlackElo "1935"]
[WhiteClock "00:02:35"]
[BlackClock "00:17:43"]
[PlyCount "113"]
[WhiteFideId "16222474"]
[BlackFideId "16234359"]
[EventCountry "GER"]
[EventRounds "9"]
[EventType "swiss"]
[EventDate "2023.05.27"]

1. Nf3 {[%clk 01:30:58]} {[%emt 00:00:02]} Nf6 {[%clk 01:30:53]} {[%emt
00:00:30]} 2. g3 {[%clk 01:31:24]} e6 {[%clk 01:31:20]} {[%emt 00:00:10]} 3.
Bg2 {[%clk 01:31:50]} d5 {[%clk 01:31:46]} {[%emt 00:00:10]} 4. O-O {[%clk
01:32:14]} {[%emt 00:00:03]} Be7 {[%clk 01:32:14]} 5. d3 {[%clk 01:32:39]}
{[%emt 00:00:05]} O-O {[%clk 01:32:39]} {[%emt 00:00:04]} 6. Nbd2 {[%clk
01:33:06]} {[%emt 00:00:04]} c5 {[%clk 01:33:04]} {[%emt 00:00:08]} 7. e4
{[%clk 01:33:31]} {[%emt 00:00:05]} Nc6 {[%clk 01:33:28]} {[%emt 00:00:03]} 8.
Re1 {[%clk 01:33:57]} {[%emt 00:00:02]} b5 {[%clk 01:21:33]} {[%emt 00:12:05]}
9. e5 {[%clk 01:34:07]} {[%emt 00:00:26]} Nd7 {[%clk 01:21:58]} {[%emt
00:00:03]} 10. Nf1 {[%clk 01:34:31]} {[%emt 00:00:02]} a5 {[%clk 01:22:24]}
{[%emt 00:00:05]} 11. h4 {[%clk 01:34:41]} {[%emt 00:00:20]} b4 {[%clk
01:21:53]} {[%emt 00:01:02]} 12. Bf4 {[%clk 01:23:11]} {[%emt 00:11:59]} Ba6
{[%clk 01:22:17]} {[%emt 00:00:06]} 13. N1h2 {[%clk 01:22:15]} {[%emt
00:01:28]} c4 {[%clk 01:08:51]} {[%emt 00:13:54]} 14. d4 {[%clk 01:16:49]}
{[%emt 00:05:56]} a4 {[%clk 01:05:02]} {[%emt 00:04:19]} 15. Bh3 {[%clk
00:46:21]} {[%emt 00:30:58]} Qb6 {[%clk 00:47:10]} {[%emt 00:18:25]} 16. a3
{[%clk 00:31:22]} {[%emt 00:15:27]} c3 {[%clk 00:37:44]} {[%emt 00:09:56]} 17.
bxc3 {[%clk 00:31:47]} {[%emt 00:00:05]} bxc3 {[%clk 00:35:31]} {[%emt
00:02:42]} 18. Be3 {[%clk 00:25:08]} {[%emt 00:07:09]} Na5 {[%clk 00:27:52]}
{[%emt 00:08:09]} 19. Bg5 {[%clk 00:08:51]} {[%emt 00:16:48]} Bd8 {[%clk
00:15:37]} {[%emt 00:12:47]} 20. Rb1 {[%clk 00:07:43]} {[%emt 00:01:35]} Qc6
{[%clk 00:15:50]} {[%emt 00:00:17]} 21. Qc1 {[%clk 00:07:26]} {[%emt 00:00:47]}
Nc4 {[%clk 00:14:08]} {[%emt 00:02:11]} 22. Ng4 {[%clk 00:04:06]} {[%emt
00:03:51]} Qc7 {[%clk 00:10:32]} {[%emt 00:04:07]} 23. Kg2 {[%clk 00:01:31]}
{[%emt 00:03:05]} Re8 {[%clk 00:07:04]} {[%emt 00:03:57]} 24. h5 {[%clk
00:00:37]} {[%emt 00:01:24]} Bxg5 {[%clk 00:05:00]} {[%emt 00:02:33]} 25. Nxg5
{[%clk 00:00:36]} {[%emt 00:00:30]} Nd2 {[%clk 00:04:10]} {[%emt 00:01:21]} 26.
Rb4 {[%clk 00:01:05]} Bc4 {[%clk 00:03:57]} {[%emt 00:00:44]} 27. Qa1 {[%clk
00:00:52]} {[%emt 00:00:42]} h6 {[%clk 00:02:48]} {[%emt 00:01:39]} 28. Nf3
{[%clk 00:00:42]} {[%emt 00:00:40]} Reb8 {[%clk 00:01:37]} {[%emt 00:01:41]}
29. Nxd2 {[%clk 00:00:33]} {[%emt 00:00:39]} cxd2 {[%clk 00:01:26]} {[%emt
00:00:41]} 30. Rd1 {[%clk 00:01:03]} Rxb4 {[%clk 00:01:14]} {[%emt 00:00:43]}
31. axb4 {[%clk 00:01:32]} {[%emt 00:00:01]} Be2 {[%clk 00:01:19]} {[%emt
00:00:23]} 32. Rxd2 {[%clk 00:01:57]} {[%emt 00:00:06]} Bxg4 {[%clk 00:01:47]}
{[%emt 00:00:02]} 33. Bxg4 {[%clk 00:02:21]} {[%emt 00:00:06]} Nb6 {[%clk
00:00:59]} {[%emt 00:01:17]} 34. c3 {[%clk 00:01:23]} {[%emt 00:01:28]} Rc8
{[%clk 00:01:26]} {[%emt 00:00:03]} 35. Rc2 {[%clk 00:01:11]} {[%emt 00:00:42]}
Qe7 {[%clk 00:00:49]} {[%emt 00:01:07]} 36. f4 {[%clk 00:00:34]} {[%emt
00:01:07]} Nc4 {[%clk 00:00:41]} {[%emt 00:00:38]} 37. Ra2 {[%clk 00:00:31]}
{[%emt 00:00:35]} a3 {[%clk 00:00:34]} {[%emt 00:00:36]} 38. Be2 {[%clk
00:00:54]} {[%emt 00:00:06]} Qc7 {[%clk 00:00:51]} {[%emt 00:00:13]} 39. Kf2
{[%clk 00:00:54]} {[%emt 00:00:30]} f6 {[%clk 00:00:51]} {[%emt 00:00:30]} 40.
exf6 {[%clk 00:00:51]} {[%emt 00:00:33]} Qf7 {[%clk 00:00:34]} {[%emt
00:00:47]} 41. Bxc4 {[%clk 00:18:41]} {[%emt 00:12:44]} dxc4 {[%clk 00:25:53]}
{[%emt 00:05:11]} 42. Rxa3 {[%clk 00:07:29]} {[%emt 00:11:50]} Qxh5 {[%clk
00:26:08]} {[%emt 00:00:05]} 43. fxg7 {[%clk 00:04:07]} {[%emt 00:03:51]} Qh2+
{[%clk 00:22:19]} {[%emt 00:04:19]} 44. Kf3 {[%clk 00:04:35]} {[%emt 00:00:05]}
Qh5+ {[%clk 00:22:28]} {[%emt 00:00:18]} 45. Ke3 {[%clk 00:04:57]} {[%emt
00:00:12]} Qg6 {[%clk 00:22:48]} {[%emt 00:00:09]} 46. Qe1 {[%clk 00:04:55]}
{[%emt 00:00:29]} Kxg7 {[%clk 00:22:39]} {[%emt 00:00:43]} 47. Kf2 {[%clk
00:04:56]} {[%emt 00:00:27]} Rf8 {[%clk 00:18:37]} {[%emt 00:04:32]} 48. Ra6
{[%clk 00:03:08]} {[%emt 00:02:19]} Rf6 {[%clk 00:18:33]} {[%emt 00:00:38]} 49.
d5 {[%clk 00:01:44]} {[%emt 00:01:48]} Qc2+ {[%clk 00:18:25]} {[%emt 00:00:46]}
50. Kg1 {[%clk 00:02:04]} {[%emt 00:00:01]} exd5 {[%clk 00:16:59]} {[%emt
00:02:02]} 51. Qe5 {[%clk 00:01:12]} {[%emt 00:01:18]} Qd1+ {[%clk 00:15:56]}
{[%emt 00:01:33]} 52. Kg2 {[%clk 00:01:39]} {[%emt 00:00:02]} Qc2+ {[%clk
00:16:15]} {[%emt 00:00:11]} 53. Kh3 {[%clk 00:02:03]} {[%emt 00:00:06]} Qg6
{[%clk 00:16:38]} {[%emt 00:00:08]} 54. Qxf6+ {[%clk 00:01:27]} {[%emt
00:01:10]} Qxf6 {[%clk 00:17:03]} {[%emt 00:00:02]} 55. Rxf6 {[%clk 00:01:53]}
{[%emt 00:00:07]} Kxf6 {[%clk 00:17:28]} {[%emt 00:00:03]} 56. Kg4 {[%clk
00:02:10]} {[%emt 00:00:15]} d4 {[%clk 00:17:43]} {[%emt 00:00:12]} 57. Kf3
{[%clk 00:02:35]} {[%emt 00:00:05]} 1-0

[Event "DEM U18 2023"]
[Site "Willingen GER"]
[Date "2023.05.29"]
[Round "3"]
[White "May, Ben-Iven"]
[Black "Nied, Pascal"]
[Result "0-1"]
[Termination "normal"]
[Board "11"]
[WhiteElo "1940"]
[BlackElo "2189"]
[WhiteClock "00:27:23"]
[BlackClock "00:33:10"]
[PlyCount "88"]
[WhiteFideId "16229673"]
[BlackFideId "16260597"]
[EventCountry "GER"]
[EventRounds "9"]
[EventType "swiss"]
[EventDate "2023.05.27"]

1. e4 {[%clk 01:30:57]} {[%emt 00:00:02]} e6 {[%clk 01:30:54]} {[%emt
00:00:08]} 2. d4 {[%clk 01:30:39]} {[%emt 00:01:09]} d5 {[%clk 01:31:21]}
{[%emt 00:00:03]} 3. exd5 {[%clk 01:30:20]} {[%emt 00:00:34]} exd5 {[%clk
01:31:48]} 4. Nf3 {[%clk 01:29:43]} {[%emt 00:01:02]} Bd6 {[%clk 01:32:12]}
{[%emt 00:00:06]} 5. c4 {[%clk 01:24:45]} {[%emt 00:05:29]} Nf6 {[%clk
01:32:35]} {[%emt 00:00:05]} 6. Nc3 {[%clk 01:21:35]} {[%emt 00:03:40]} O-O
{[%clk 01:32:57]} {[%emt 00:00:07]} 7. Be2 {[%clk 01:20:22]} {[%emt 00:01:43]}
dxc4 {[%clk 01:30:50]} {[%emt 00:02:38]} 8. O-O {[%clk 01:19:57]} {[%emt
00:00:55]} Be6 {[%clk 01:28:43]} {[%emt 00:02:38]} 9. Ng5 {[%clk 01:13:51]}
{[%emt 00:06:38]} Bf5 {[%clk 01:25:48]} {[%emt 00:03:22]} 10. Bxc4 {[%clk
01:13:16]} {[%emt 00:01:08]} Nc6 {[%clk 01:21:15]} {[%emt 00:05:01]} 11. Be3
{[%clk 01:03:45]} {[%emt 00:10:01]} h6 {[%clk 00:58:04]} {[%emt 00:23:41]} 12.
Nf3 {[%clk 00:59:33]} {[%emt 00:04:43]} a6 {[%clk 00:55:59]} {[%emt 00:02:35]}
13. a4 {[%clk 00:51:14]} {[%emt 00:08:49]} Qd7 {[%clk 00:55:06]} {[%emt
00:01:22]} 14. Qd2 {[%clk 00:40:20]} {[%emt 00:11:25]} Rad8 {[%clk 00:55:28]}
{[%emt 00:00:08]} 15. Rfd1 {[%clk 00:36:57]} {[%emt 00:03:53]} Rfe8 {[%clk
00:45:31]} {[%emt 00:10:26]} 16. d5 {[%clk 00:26:43]} {[%emt 00:10:45]} Ne5
{[%clk 00:42:53]} {[%emt 00:03:09]} 17. Nxe5 {[%clk 00:25:32]} {[%emt
00:01:41]} Bxe5 {[%clk 00:41:23]} {[%emt 00:01:59]} 18. Bd4 {[%clk 00:23:37]}
{[%emt 00:02:27]} Ne4 {[%clk 00:35:24]} {[%emt 00:06:27]} 19. Nxe4 {[%clk
00:21:26]} {[%emt 00:02:42]} Bxe4 {[%clk 00:35:34]} {[%emt 00:00:19]} 20. Bxe5
{[%clk 00:20:30]} {[%emt 00:01:27]} Rxe5 {[%clk 00:35:51]} {[%emt 00:00:13]}
21. Qf4 {[%clk 00:20:36]} {[%emt 00:00:24]} Qf5 {[%clk 00:34:20]} {[%emt
00:02:01]} 22. Qxf5 {[%clk 00:19:35]} {[%emt 00:01:32]} Rxf5 {[%clk 00:25:51]}
{[%emt 00:08:59]} 23. Rd4 {[%clk 00:16:37]} {[%emt 00:03:30]} Bxd5 {[%clk
00:24:44]} {[%emt 00:01:35]} 24. g4 {[%clk 00:14:57]} {[%emt 00:02:10]} Rg5
{[%clk 00:19:08]} {[%emt 00:06:06]} 25. h4 {[%clk 00:15:17]} {[%emt 00:00:09]}
c5 {[%clk 00:19:33]} {[%emt 00:00:05]} 26. hxg5 {[%clk 00:11:23]} {[%emt
00:04:24]} cxd4 {[%clk 00:19:58]} {[%emt 00:00:06]} 27. Bxd5 {[%clk 00:11:50]}
{[%emt 00:00:04]} Rxd5 {[%clk 00:20:23]} {[%emt 00:00:04]} 28. gxh6 {[%clk
00:12:17]} {[%emt 00:00:03]} gxh6 {[%clk 00:14:25]} {[%emt 00:06:28]} 29. Rd1
{[%clk 00:10:46]} {[%emt 00:02:01]} Kg7 {[%clk 00:13:19]} {[%emt 00:01:36]} 30.
Kg2 {[%clk 00:09:23]} {[%emt 00:01:53]} Kf6 {[%clk 00:11:23]} {[%emt 00:02:25]}
31. f4 {[%clk 00:08:28]} {[%emt 00:01:25]} Kg6 {[%clk 00:10:30]} {[%emt
00:01:22]} 32. Rd3 {[%clk 00:06:55]} {[%emt 00:02:03]} f5 {[%clk 00:10:50]}
{[%emt 00:00:10]} 33. Kf3 {[%clk 00:04:06]} {[%emt 00:03:20]} fxg4+ {[%clk
00:10:52]} {[%emt 00:00:28]} 34. Kxg4 {[%clk 00:04:22]} {[%emt 00:00:15]} h5+
{[%clk 00:11:15]} {[%emt 00:00:06]} 35. Kf3 {[%clk 00:02:59]} {[%emt 00:01:54]}
Kf5 {[%clk 00:11:40]} {[%emt 00:00:05]} 36. b4 {[%clk 00:02:03]} {[%emt
00:01:25]} h4 {[%clk 00:07:33]} {[%emt 00:04:37]} 37. b5 {[%clk 00:01:43]}
{[%emt 00:00:51]} axb5 {[%clk 00:07:16]} {[%emt 00:00:46]} 38. axb5 {[%clk
00:02:09]} {[%emt 00:00:04]} b6 {[%clk 00:06:22]} {[%emt 00:01:23]} 39. Rd2
{[%clk 00:01:40]} {[%emt 00:01:00]} d3 {[%clk 00:06:13]} {[%emt 00:00:39]} 40.
Ke3 {[%clk 00:01:31]} {[%emt 00:00:39]} Rd8 {[%clk 00:04:17]} {[%emt 00:02:25]}
41. Kf3 {[%clk 00:00:44]} {[%emt 00:01:18]} Rd7 {[%clk 00:02:51]} {[%emt
00:01:55]} 42. Ke3 {[%clk 00:28:23]} {[%emt 00:02:55]} h3 {[%clk 00:33:01]}
{[%emt 00:00:17]} 43. Kf3 {[%clk 00:27:01]} {[%emt 00:01:54]} h2 {[%clk
00:32:54]} {[%emt 00:00:34]} 44. Kg2 {[%clk 00:27:23]} {[%emt 00:00:09]} Kxf4
{[%clk 00:33:10]} {[%emt 00:00:14]} 0-1